|
|
|
|
| LEADER |
00000nab a2200000 a 4500 |
| 001 |
vtls000354081 |
| 003 |
SK-MaSNL |
| 005 |
20260304020143.0 |
| 008 |
160204c1989 xo 0 cze |
| 015 |
|
|
|a SNBRA19rr/mm-uuuuu
|
| 035 |
|
|
|a CL0354203
|
| 040 |
|
|
|a SNKBUCL
|b slo
|c SNKBUCL
|e AACR2
|
| 041 |
0 |
|
|a cze
|
| 044 |
|
|
|a xo
|c SK
|
| 080 |
|
|
|a 543.54:543.38
|2 1981
|
| 080 |
|
|
|a 543.38
|2 1981
|
| 100 |
1 |
|
|a Mondek, Lubomír
|4 aut
|9 1297660
|
| 245 |
1 |
0 |
|a Využití HPLC v analýze organických látek ve vodě
|c Lubomír Mondek
|
| 300 |
|
|
|b Tb. 2., lit. 10 zázn. v češ., angl.
|
| 650 |
0 |
7 |
|a voda
|2 snkbucl
|9 854
|
| 650 |
0 |
7 |
|a organické zlúčeniny
|2 snkbucl
|9 4318
|
| 650 |
0 |
7 |
|a kvapalinová chromatografia
|2 snkbucl
|9 74397
|
| 655 |
|
7 |
|a články zo zborníkov
|2 snkbucl
|9 166140
|
| 773 |
0 |
|
|t Vysokoúčinná kvapalinová chromatografia v analýze vôd
|d Bratislava : Dom techniky ČSVTS, 1989
|g S. 16-19
|
| 850 |
|
|
|a Slovenská národná knižnica v Martine
|a MTA001
|
| 852 |
|
|
|a SNK
|b KIS3GCP
|
| 958 |
|
|
|a NB
|
| 958 |
|
|
|a RK
|
| 992 |
|
|
|a RZB
|
| 999 |
|
|
|c 2596721
|d 2598651
|